North and South American Geographic Groups of Three #1 - Statistics

General Stats
  • This quiz has been taken 574 times
  • The average score is 23 of 27
Answer Stats
Hint Answer % Correct
Biggest Countries by Area Brazil
98%
Biggest Countries by Area Canada
98%
Largest Caribbean Islands by Area Cuba
98%
Countries starting with G Guatemala
98%
Biggest Countries by Area United States
98%
Longest Rivers Amazon
97%
Countries starting with G Guyana
94%
Countries starting with Saint St. Kitts and Nevis
94%
Countries starting with Saint St. Lucia
94%
South American Capital Cities starting with B Bogotá
92%
South American Capital Cities starting with B Brasilia
92%
South American Capital Cities starting with B Buenos Aires
91%
Countries starting with G Grenada
91%
Largest Caribbean Islands by Area Jamaica
91%
Longest Rivers Mississippi
91%
Countries starting with Saint St. Vincent and the Grenadines
91%
Capital Cities starting with M México City
90%
Countries ending in E Belize
87%
Largest Municipalities in Canada by Population Toronto
86%
Countries ending in E Chile
85%
Largest Caribbean Islands by Area Hispaniola
83%
Largest Municipalities in Canada by Population Montréal
82%
Countries ending in E Suriname
81%
Capital Cities starting with M Montevideo
71%
Capital Cities starting with M Managua
60%
Largest Municipalities in Canada by Population Calgary
59%
Longest Rivers Paraná
23%
No matching quizzes found
Score Distribution
Percent of People with Each Score
Percentile by Number Answered
Your Score History
You have not taken this quiz